MARC details
| 000 -CABECERA |
| campo de control de longitud fija |
01368nam a2200241 a 4500 |
| 003 - IDENTIFICADOR DEL NÚMERO DE CONTROL |
| campo de control |
DO-SdBNP |
| 005 - FECHA Y HORA DE LA ÚLTIMA TRANSACCIÓN |
| campo de control |
20260205110706.0 |
| 007 - CAMPO FIJO DE DESCRIPCIÓN FÍSICA--INFORMACIÓN GENERAL |
| campo de control de longitud fija |
ta |
| 008 - DATOS DE LONGITUD FIJA--INFORMACIÓN GENERAL |
| campo de control de longitud fija |
210716e2009 dr ad||frt||| 001 0 spa d |
| 040 ## - FUENTE DE LA CATALOGACIÓN |
| Centro catalogador/agencia de origen |
DO-SdBNP |
| Lengua de catalogación |
spa |
| Centro/agencia transcriptor |
BNPHU |
| 041 ## - CÓDIGO DE LENGUA |
| Código de lengua original |
spa |
| 082 #4 - NÚMERO DE LA CLASIFICACIÓN DECIMAL DEWEY |
| Número de documento/Ítem |
R426i |
| Número de edición |
22 |
| 110 1# - ENTRADA PRINCIPAL--NOMBRE DE ENTIDAD CORPORATIVA |
| Nombre de entidad corporativa o nombre de jurisdicción como elemento de entrada |
República Dominicana. |
| Unidad subordinada |
Cámara de Cuentas |
| 9 (RLIN) |
12254 |
| 245 10 - MENCIÓN DE TÍTULO |
| Título |
Informe al Congreso Nacional : |
| Resto del título |
año fiscal 2009 |
| 260 ## - PUBLICACIÓN, DISTRIBUCIÓN, ETC. |
| Lugar de publicación, distribución, etc. |
Santo Domingo : |
| Nombre del editor, distribuidor, etc. |
Cámara de Cuentas de la República Dominicana, |
| Fecha de publicación, distribución, etc. |
2009 |
| 300 ## - DESCRIPCIÓN FÍSICA |
| Extensión |
439 p. : |
| Otras características físicas |
il., gráf. ; |
| Dimensiones |
28 cm |
| 505 ## - NOTA DE CONTENIDO CON FORMATO |
| Título |
1. Generalidades y normativas.-- |
| -- |
2. Aspectos macroeconómicos considerados.-- |
| -- |
3. Análisis de los ingresos del Gobierno Central, año 2009.-- |
| -- |
4. Análisis del gasto de las Instituciones del Gobierno Central, Ejercicio Fiscal 2009.-- Transferencia corrientes y de capital del Gobierno Central.-- |
| -- |
5. Análisis y evaluación de la Deuda Pública del año 2009.-- |
| -- |
6. Instituciones Públicas Descentralizadas y Autónomas.-- Análisis del Gasto,-- |
| -- |
7. Análisis de Ejecución Presupuestaria de las Entidades Municipales.-- |
| -- |
8. Organizaciones no gubernamentales (ONG).-- |
| -- |
9. Observaciones y recomendaciones.-- |
| -- |
10. Anexos. |
| 590 ## - NOTA LOCAL (RLIN) |
| Nota local |
Inventariado 2021 / MF |
| 610 10 - PUNTO DE ACCESO ADICIONAL DE MATERIA--NOMBRE DE ENTIDAD CORPORATIVA |
| Nombre de entidad corporativa o nombre de jurisdicción como elemento de entrada |
República Dominicana. |
| Unidad subordinada |
Cámara de Cuentas |
| 9 (RLIN) |
12254 |
| 650 #0 - PUNTO DE ACCESO ADICIONAL DE MATERIA--TÉRMINO DE MATERIA |
| Término de materia o nombre geográfico como elemento de entrada |
Informes técnicos |
| Subdivisión general |
Redacción |
| 9 (RLIN) |
7867 |
| 910 ## - DATOS DE OPCIÓN DEL USUARIO (OCLC) |
| Datos de opción del usuario |
MFeliz |
| 942 ## - ELEMENTOS DE PUNTO DE ACCESO ADICIONAL (KOHA) |
| Fuente del sistema de clasificación o colocación |
Dewey Decimal Classification |
| Tipo de ítem Koha |
Libro |